000
00290nam a2200121Ia 4500
005
20251222143255.0
008
251222s9999||||xx |||||||||||||| ||spa||
082
_a
891.744/S66C
100
_a
Solzhenitsin, Alexander
245
0
_a
La Casa de Matriona
264
_b
Oveja Negra
942
_c
LIB
999
_c
15111
_d
15111